Technical report on linking the bibliographic utilities : benefits and costs : submitted to the Council on Library Resources, September 15, 1980 /

Bibliographic Details
Corporate Authors: Battelle Memorial Institute. Columbus Laboratories, Council on Library Resources
Other Authors: Smalley, Donald A.
Format: Book
Language:English
Published: Columbus, Ohio : Battelle Columbus Laboratories, [1980]
Subjects:

MARC

Tag First Indicator Second Indicator Subfields
LEADER 00000cam a2200000 a 4500
001 in00000081178
005 20151008060951.0
008 810119s1980 ohua b 00000 eng d
035 |a (OCoLC)07069263 
035 |9 AAJ6995AM 
040 |a VPI  |c VPI  |d OCL  |d TXA  |d UtOrBLW 
043 |a n-us--- 
049 |a TXAM  |c [1655497] 
090 |a Z680.3  |b .T42 
245 0 0 |a Technical report on linking the bibliographic utilities :  |b benefits and costs : submitted to the Council on Library Resources, September 15, 1980 /  |c by Donald A. Smalley [and others]. 
264 1 |a Columbus, Ohio :  |b Battelle Columbus Laboratories,  |c [1980] 
300 |a 1 volume (in various foliations) :  |b illustrations ;  |c 28 cm. 
336 |a text  |b txt  |2 rdacontent 
337 |a unmediated  |b n  |2 rdamedia 
338 |a volume  |b nc  |2 rdacarrier 
504 |a Includes bibliographical references. 
650 0 |a Library information networks  |z United States. 
650 0 |a Exchange of bibliographic information  |z United States. 
650 0 |a Bibliographical services  |z United States. 
700 1 |a Smalley, Donald A. 
710 2 |a Battelle Memorial Institute.  |b Columbus Laboratories. 
710 2 |a Council on Library Resources. 
999 |a MARS 
999 f f |s 3a1a1b06-d860-3426-b1ce-ec2354903d3e  |i 8409292e-a6fe-3e7d-88f5-313ceb25dc12  |t 0 
952 f f |p ric  |a Texas A&M University  |b Rellis Campus  |c Joint Library Facility  |d Remote Storage  |t 0  |e Z680.3 .T42  |h Library of Congress classification  |i unmediated -- volume  |m A14806262487 
998 f f |a Z680.3 .T42  |t 0  |l Remote Storage